书目信息 |
| 题名: |
大学专业英语
|
|
| 作者: | 卜玉坤 主编 ;战东平 编著 | |
| 分册: | 2 材料英语 | |
| 出版信息: | 北京 外语教学与研究出版社 2002.11 |
|
| 页数: | 330页 | |
| 开本: | 26cm | |
| 丛书名: | ||
| 单 册: | ||
| 中图分类: | H31 , H31 | |
| 科图分类: | ||
| 主题词: | 材料科学--英语--高等学校--教材 , 材料科学 , 英语 | |
| 电子资源: | ||
| ISBN: | 7-5600-2648-6 | |
| 000 | 01027nam1 2200313 45 | |
| 001 | 012003000000 | |
| 005 | 20041130093800.37 | |
| 010 | @a7-5600-2648-6@dCNY 23.90 | |
| 100 | @a20031224d2002 em y0chiy0121 ea | |
| 101 | 0 | @achi@aeng |
| 102 | @aCN@b110000 | |
| 105 | @aak z 000yy | |
| 200 | 1 | @a大学专业英语@Ada xue zhuan ye ying yu@dSubject-based English@i材料英语@iEnglish for material science and engineering@h2@f卜玉坤主编@g战东平...[等]编著@zeng |
| 210 | @a北京@c外语教学与研究出版社@d2002.11 | |
| 215 | @a330页@c图, 表格@d26cm | |
| 304 | @a本书其他编者: 卜玉坤, 金敬红, 武学民。 | |
| 510 | 1 | @aSubject-based English@zeng |
| 510 | 1 | @aEnglish for material science and engineering@zeng |
| 517 | 1 | @a材料英语 |
| 606 | 0 | @a材料科学@x英语@x高等学校@j教材 |
| 606 | 0 | @a材料科学 |
| 606 | 0 | @a英语 |
| 690 | @aH31@v4 | |
| 690 | @aH31@v3 | |
| 701 | 0 | @a卜玉坤@Abu yu kun@4主编 |
| 702 | 0 | @a战东平@Azhan dong ping@4编著 |
| 801 | 0 | @aCN@bQSSKf@c20041130 |
| 905 | @dH31@eB974:2 | |
| 906 | @dCNY23.90@n3@r1 | |
| 大学专业英语=Subject-based English.材料英语.English for material science and engineering.2/卜玉坤主编/战东平...[等]编著.-北京:外语教学与研究出版社,2002.11 |
| 330页:图, 表格;26cm |
| ISBN 7-5600-2648-6:CNY 23.90 |
| ● |
| 相关链接 |
|
|
|
正题名:大学专业英语
索取号:H31/B974:2
 
预约/预借
| 序号 | 登录号 | 条形码 | 馆藏地/架位号 | 状态 | 备注 |
| 1 | 384269 | 203842690 | 社科二线400B/400B社科库 7排3列1层/ [索取号:H31/B974:2] | 在馆 | |
| 2 | 384270 | 203842707 | 语言库209/209语言库 80排1列6层/ [索取号:H31/B974:2] | 在馆 | |
| 3 | 384280 | 203842805 | 社科二线400B/400B社科库 7排3列1层/ [索取号:H31/B974:2] | 在馆 | |
| 4 | 428095 | 204280955 | 语言库209/209语言库 80排1列6层/ [索取号:H31/B974:2] | 在馆 | |
| 5 | 428096 | 204280964 | 社科二线400B/400B社科库 7排3列1层/ [索取号:H31/B974:2] | 在馆 | |
| 6 | 428097 | 204280973 | 语言库209/209语言库 80排1列6层/ [索取号:H31/B974:2] | 在馆 |